NFL 1st Round QB's Since 2010 - Statistics

General Stats
  • This quiz has been taken 74 times
  • The average score is 44 of 51
Answer Stats
Year (Pick) Team Player % Correct
2024 (1.12) Broncos Bo Nix
100%
2018 (1.07) Bills Josh Allen
100%
2018 (1.01) Browns Baker Mayfield
98%
2023 (1.01) Panthers Bryce Young
98%
2023 (1.02) Texans CJ Stroud
98%
2019 (1.06) Giants Daniel Jones
98%
2024 (1.02) Commanders Jayden Daniels
98%
2024 (1.10) Vikings JJ McCarthy
98%
2020 (1.26) Packers Jordan Love
98%
2018 (1.32) Ravens Lamar Jackson
98%
2021 (1.15) Patriots Mac Jones
98%
2017 (1.10) Chiefs Patrick Mahomes
98%
2021 (1.01) Jaguars Trevor Lawrence
98%
2020 (1.05) Dolphins Tua Tagovailoa
98%
2024 (1.01) Bears Caleb Williams
96%
2025 (1.01) Titans Cam Ward
96%
2017 (1.12) Texans Deshaun Watson
96%
2024 (1.03) Patriots Drake Maye
96%
2016 (1.01) Rams Jared Goff
96%
2020 (1.01) Bengals Joe Burrow
96%
2020 (1.06) Chargers Justin Herbert
96%
2019 (1.01) Cardinals Kyler Murray
96%
2023 (1.04) Colts Anthony Richardson
95%
2021 (1.11) Bears Justin Fields
95%
2024 (1.08) Falcons Michael Penix Jr
95%
2021 (1.02) Jets Zach Wilson
95%
2016 (1.02) Eagles Carson Wentz
93%
2025 (1.25) Giants Jaxson Dart
93%
2018 (1.03) Jets Sam Darnold
93%
2011 (1.01) Panthers Cam Newton
91%
2015 (1.01) Buccaneers Jameis Winston
91%
2022 (1.20) Steelers Kenny Pickett
91%
2012 (1.02) Redskins Robert Griffin III
91%
2021 (1.03) 49ers Tray Lance
91%
2017 (1.02) Bears Mitchell Trubisky
89%
2012 (1.01) Colts Andrew Luck
88%
2014 (1.03) Jaguars Blake Bortles
88%
2012 (1.08) Dolphins Ryan Tannehill
84%
2015 (1.02) Titans Marcus Mariota
82%
2018 (1.10) Cardinals Josh Rosen
81%
2014 (1.22) Browns Johnny Manziel
79%
2010 (1.01) Rams Sam Bradford
79%
2019 (1.15) Redskins Dwayne Haskins
75%
2014 (1.32) Vikings Teddy Bridgewater
65%
2010 (1.25) Broncos Tim Tebow
63%
2016 (1.26) Broncos Paxton Lynch
61%
2013 (1.16) Bills EJ Manuel
49%
2012 (1.22) Browns Brandon Weeden
42%
2011 (1.12) Vikings Christian Ponder
42%
2011 (1.10) Jaguars Blaine Gabbert
40%
2011 (1.08) Titans Jake Locker
39%
No matching quizzes found
Score Distribution
Percent of People with Each Score
Percentile by Number Answered
Your Score History
You have not taken this quiz